000 01144nam a2200313 i 4500
003 EG-GICUC
005 20260323135659.0
008 260323s1992 ua ||||f |||| 00| 0 ara d
040 _a EG-GICUC
_bara
_c EG-GICUC
_d EG-GICUC
_erda
041 _aara
082 0 4 _221
_a345.8223
_bأ ن . ق
092 0 4 _221
099 _aLaw1 07 345.8223 أ ن . ق 1992
100 0 _aأنور أحمد رسلان
_eمؤلف.
245 1 2 _aالقضاء الإدارى /
_cتأليف دكتور أنور أحمد رسلان .
264 1 _aالقاهرة:
_bدار النهضة العربية ،
_c1992.
300 _a96 ؛ صفحات
_c24 سم
_bإيضاحيات، صور، مثيليات ؛
336 _2rda content
_atext
337 _2rda media
_aComputer
338 _2rda carrier
_aOnline Resource
504 _aيشتمل على إرجاعات ببليوجرافية
505 _aقضاء الإلغاء
546 _aالنص باللغة العربية
650 1 4 _aالقانون الإداري
_2qrmak
651 1 _2qrmak
856 4 0 _uhttps://fll.law.cu.edu.eg/fulltext/bks/B07-03911.pdf
905 _a47
942 _2ddc
_cBK
_e21
_n0
999 _c66527
_d66527